[Event "eytcc"]
[Site "?"]
[Date "2017.08.17"]
[Round "1.34"]
[White "Lukiyanchuk, Vladislav"]
[Black "Molnar, Erno"]
[Result "1-0"]
[BlackElo "2194"]
[WhiteElo "2359"]
[LiveChessVersion "1.4.4"]

1. d4 {[%clk 1:30:56]} Nf6 {[%clk 1:30:54]} 2. c4 {[%clk 1:31:22]} g6
{[%clk 1:31:18]} 3. g3 {[%clk 1:31:48]} c6 {[%clk 1:31:38]} 4. Nf3
{[%clk 1:32:05]} d5 {[%clk 1:31:26]} 5. Qb3 {[%clk 1:25:38]} dxc4
{[%clk 1:16:48]} 6. Qxc4 {[%clk 1:24:23]} Be6 {[%clk 1:16:09]} 7. Qc2
{[%clk 1:15:20]} Bd5 {[%clk 1:10:29]} 8. Nbd2 {[%clk 1:14:19]} Bg7
{[%clk 1:06:28]} 9. e4 {[%clk 1:11:54]} Be6 {[%clk 1:05:42]} 10. Bg2
{[%clk 1:10:37]} O-O {[%clk 1:04:58]} 11. O-O {[%clk 1:09:23]} Qa5
{[%clk 0:48:41]} 12. h3 {[%clk 1:05:06]} Na6 {[%clk 0:39:23]} 13. a3
{[%clk 0:56:43]} Nc7 {[%clk 0:33:20]} 14. b4 {[%clk 0:54:29]} Qb6
{[%clk 0:32:34]} 15. Bb2 {[%clk 0:52:43]} h6 {[%clk 0:28:13]} 16. Rac1
{[%clk 0:50:06]} Rfc8 {[%clk 0:25:18]} 17. Ne5 {[%clk 0:48:45]} Nb5
{[%clk 0:22:35]} 18. Ndc4 {[%clk 0:47:10]} Qd8 {[%clk 0:22:12]} 19. Rfd1
{[%clk 0:46:26]} Nd6 {[%clk 0:17:08]} 20. Na5 {[%clk 0:38:38]} Nd7
{[%clk 0:15:42]} 21. f4 {[%clk 0:37:25]} Qe8 {[%clk 0:11:44]} 22. Qe2
{[%clk 0:33:01]} Nb6 {[%clk 0:09:53]} 23. g4 {[%clk 0:31:38]} Rab8
{[%clk 0:07:41]} 24. f5 {[%clk 0:29:39]} Bd7 {[%clk 0:07:45]} 25. Nb3
{[%clk 0:29:14]} e6 {[%clk 0:06:27]} 26. fxg6 {[%clk 0:29:04]} fxg6
{[%clk 0:06:53]} 27. Nc5 {[%clk 0:29:12]} Rd8 {[%clk 0:06:18]} 28. d5 exd5 29.
Nexd7 Nxd7 30. Bxg7 Kxg7 31. Qb2+ Kh7 32. exd5 cxd5 33. Re1 Ne4 34. Nxe4 dxe4 35.
Rxe4 Qf8 36. Rf1 Qg7 37. Qxg7+ Kxg7 38. Re7+ Kg8 39. Rd1 Nb6 40. Rxd8+ Rxd8 41.
Rxb7 Rd7 42. Rxd7 Nxd7 43. Kf2 Ne5 44. Bd5+ Kf8 45. Ke3 Ke7 46. a4 h5 47. g5 h4
48. Be4 Kd6 49. Kf4 Ke6 50. a5 a6 51. b5 1-0

[Event "eytcc"]
[Site "?"]
[Date "2017.08.17"]
[Round "1.35"]
[White "Matis, Tibor"]
[Black "Roshka, Yevgeniy"]
[Result "0-1"]
[BlackElo "2356"]
[WhiteElo "1947"]
[LiveChessVersion "1.4.4"]

1. e4 {[%clk 1:30:52]} g6 {[%clk 1:30:33]} 2. d4 {[%clk 1:30:35]} Bg7
{[%clk 1:30:59]} 3. Nc3 {[%clk 1:30:44]} d6 {[%clk 1:31:07]} 4. Nf3
{[%clk 1:30:18]} a6 {[%clk 1:31:33]} 5. Be3 {[%clk 1:27:35]} e6 {[%clk 1:31:40]}
6. Qd2 {[%clk 1:24:19]} h6 {[%clk 1:30:48]} 7. Be2 {[%clk 1:21:28]} Nd7
{[%clk 1:21:18]} 8. a4 {[%clk 1:15:49]} b6 {[%clk 1:21:40]} 9. d5
{[%clk 1:07:51]} e5 {[%clk 1:21:21]} 10. O-O {[%clk 1:08:03]} Ne7
{[%clk 1:20:48]} 11. Ne1 {[%clk 1:02:41]} f5 {[%clk 1:18:50]} 12. f4
{[%clk 0:56:42]} fxe4 {[%clk 1:15:48]} 13. Nxe4 {[%clk 0:54:27]} Nf5
{[%clk 1:16:07]} 14. Bg4 {[%clk 0:43:23]} exf4 {[%clk 0:42:52]} 15. Bxf4
{[%clk 0:38:41]} O-O {[%clk 0:42:00]} 16. Bxf5 {[%clk 0:31:24]} Rxf5
{[%clk 0:42:24]} 17. Ng3 {[%clk 0:30:33]} Rf7 {[%clk 0:42:17]} 18. Bxh6
{[%clk 0:28:20]} Rxf1+ {[%clk 0:42:32]} 19. Nxf1 {[%clk 0:27:56]} Bxb2
{[%clk 0:41:33]} 20. Rd1 {[%clk 0:25:30]} Qf6 {[%clk 0:37:09]} 21. Bg5
{[%clk 0:23:10]} Qc3 {[%clk 0:32:34]} 22. Qxc3 {[%clk 0:22:41]} Bxc3
{[%clk 0:32:59]} 23. Bd8 {[%clk 0:22:51]} Ne5 {[%clk 0:32:32]} 24. Bxc7
{[%clk 0:17:25]} Bg4 {[%clk 0:32:25]} 25. Nf3 {[%clk 0:08:36]} Bxf3
{[%clk 0:31:00]} 26. gxf3 {[%clk 0:08:57]} Nc4 {[%clk 0:31:15]} 27. Rd3
{[%clk 0:08:25]} Bb4 {[%clk 0:31:31]} 28. a5 {[%clk 0:04:08]} bxa5
{[%clk 0:31:31]} 29. Bxd6 {[%clk 0:03:13]} Nxd6 {[%clk 0:31:22]} 30. Nd2
{[%clk 0:03:07]} a4 {[%clk 0:29:42]} 31. c3 {[%clk 0:02:45]} Bc5+
{[%clk 0:30:03]} 32. Kg2 {[%clk 0:03:06]} a3 {[%clk 0:29:16]} 0-1

[Event "eytcc"]
[Site "?"]
[Date "2017.08.17"]
[Round "1.36"]
[White "Yurovskich, Oleksandr"]
[Black "Bugar, Peter"]
[Result "1-0"]
[BlackElo "1807"]
[WhiteElo "2231"]
[LiveChessVersion "1.4.4"]

1. Nf3 {[%clk 1:30:48]} Nf6 {[%clk 1:30:43]} 2. c4 {[%clk 1:31:05]} e6
{[%clk 1:30:12]} 3. g3 {[%clk 1:31:26]} a6 {[%clk 1:24:55]} 4. Bg2
{[%clk 1:31:30]} b5 {[%clk 1:24:15]} 5. b3 {[%clk 1:30:46]} Bb7 {[%clk 1:24:20]}
6. O-O {[%clk 1:31:08]} Be7 {[%clk 1:23:41]} 7. Nc3 {[%clk 1:29:19]} b4
{[%clk 1:21:19]} 8. Na4 {[%clk 1:29:23]} O-O {[%clk 1:18:44]} 9. d4
{[%clk 1:27:41]} d6 {[%clk 1:13:46]} 10. Ne1 {[%clk 1:26:21]} Qc8
{[%clk 1:01:29]} 11. f3 {[%clk 1:23:46]} Nbd7 {[%clk 0:48:52]} 12. e4
{[%clk 1:23:49]} h6 {[%clk 0:42:41]} 13. Nd3 {[%clk 1:23:46]} a5 {[%clk 0:40:01]}
14. a3 {[%clk 1:22:04]} bxa3 {[%clk 0:33:15]} 15. Bxa3 {[%clk 1:22:11]} Nh7
{[%clk 0:27:54]} 16. Qd2 {[%clk 1:21:32]} f5 {[%clk 0:25:45]} 17. Nf4
{[%clk 1:17:34]} Bg5 {[%clk 0:22:10]} 18. e5 {[%clk 1:17:17]} c5 {[%clk 0:11:42]}
19. Qe2 {[%clk 1:15:04]} Re8 {[%clk 0:08:51]} 20. Nd3 {[%clk 1:13:13]} dxe5
{[%clk 0:07:41]} 21. dxe5 {[%clk 1:13:11]} Be7 {[%clk 0:07:41]} 22. Qe3
{[%clk 1:12:58]} Qc7 {[%clk 0:05:54]} 23. Ndxc5 {[%clk 1:09:46]} Bxc5
{[%clk 0:04:20]} 24. Nxc5 {[%clk 1:09:38]} Nxc5 {[%clk 0:03:05]} 25. Bxc5
{[%clk 1:06:09]} Ra6 {[%clk 0:02:26]} 26. Bd6 {[%clk 1:05:42]} Qc8
{[%clk 0:02:02]} 27. f4 {[%clk 1:03:27]} Nf8 {[%clk 0:01:57]} 28. Rf2
{[%clk 1:03:08]} Nd7 {[%clk 0:01:40]} 29. Rfa2 {[%clk 1:02:33]} Bxg2
{[%clk 0:01:38]} 30. Kxg2 {[%clk 1:02:59]} Qb7+ {[%clk 0:01:28]} 31. Qf3
{[%clk 1:03:21]} Qxf3+ {[%clk 0:01:00]} 32. Kxf3 {[%clk 1:03:46]} Rea8
{[%clk 0:00:46]} 33. b4 {[%clk 1:03:33]} Rc6 {[%clk 0:00:52]} 34. Rxa5
{[%clk 1:03:21]} Rxa5 {[%clk 0:00:40]} 35. bxa5 {[%clk 1:03:46]} Rxc4
{[%clk 0:00:42]} 36. a6 {[%clk 1:04:06]} Rc8 {[%clk 0:00:54]} 37. Rb1
{[%clk 1:04:29]} Ra8 {[%clk 0:00:52]} 38. Rb7 {[%clk 1:04:46]} 1-0

[Event "eytcc"]
[Site "?"]
[Date "2017.08.17"]
[Round "1.37"]
[White "Vykouk, Jan"]
[Black "De Waele, Warre"]
[Result "1-0"]
[BlackElo "2168"]
[WhiteElo "2431"]
[LiveChessVersion "1.4.4"]

1. e4 {[%clk 1:30:53]} e5 {[%clk 1:30:46]} 2. Nf3 {[%clk 1:31:16]} Nc6
{[%clk 1:31:08]} 3. Bb5 {[%clk 1:31:39]} a6 {[%clk 1:31:18]} 4. Ba4
{[%clk 1:32:02]} Nf6 {[%clk 1:31:39]} 5. d3 {[%clk 1:32:27]} d6 {[%clk 1:31:21]}
6. c3 {[%clk 1:31:40]} g6 {[%clk 1:31:24]} 7. O-O {[%clk 1:31:49]} Bg7
{[%clk 1:31:48]} 8. h3 {[%clk 1:30:43]} O-O {[%clk 1:30:51]} 9. Be3
{[%clk 1:30:48]} b5 {[%clk 1:25:53]} 10. Bc2 {[%clk 1:31:10]} Nb8
{[%clk 1:10:03]} 11. a4 {[%clk 1:29:02]} Bb7 {[%clk 1:06:49]} 12. axb5
{[%clk 1:22:12]} axb5 {[%clk 1:05:50]} 13. Rxa8 {[%clk 1:22:33]} Bxa8
{[%clk 1:06:11]} 14. Nbd2 {[%clk 1:22:57]} Nbd7 {[%clk 0:59:45]} 15. Qa1
{[%clk 1:16:02]} d5 {[%clk 0:45:30]} 16. Qa6 {[%clk 1:11:58]} Qb8
{[%clk 0:42:44]} 17. b4 {[%clk 1:09:58]} Qb7 {[%clk 0:37:46]} 18. Ra1
{[%clk 1:03:20]} Qc6 {[%clk 0:30:49]} 19. Qxc6 {[%clk 1:01:38]} Bxc6
{[%clk 0:31:14]} 20. Ra6 {[%clk 1:01:56]} Bb7 {[%clk 0:31:11]} 21. Ra7
{[%clk 0:59:24]} Rb8 {[%clk 0:31:23]} 22. Bg5 {[%clk 0:45:28]} Ne8
{[%clk 0:25:40]} 23. Nb3 {[%clk 0:41:02]} Nd6 {[%clk 0:24:52]} 24. Nfd2
{[%clk 0:33:32]} Ra8 {[%clk 0:24:38]} 25. Rxa8+ {[%clk 0:31:10]} Bxa8
{[%clk 0:25:01]} 26. Bd8 {[%clk 0:31:24]} Ne8 {[%clk 0:23:00]} 27. exd5
{[%clk 0:30:14]} Bxd5 {[%clk 0:23:17]} 28. c4 {[%clk 0:30:36]} bxc4
{[%clk 0:23:16]} 29. dxc4 {[%clk 0:31:01]} Ba8 {[%clk 0:23:32]} 30. Be4
{[%clk 0:27:44]} Bxe4 {[%clk 0:23:34]} 31. Nxe4 {[%clk 0:28:11]} h6
{[%clk 0:13:38]} 32. b5 {[%clk 0:25:57]} Bf8 {[%clk 0:12:27]} 33. c5
{[%clk 0:25:21]} f5 {[%clk 0:11:57]} 34. c6 {[%clk 0:25:46]} Nb6 {[%clk 0:11:18]}
35. Nec5 {[%clk 0:25:09]} Kf7 {[%clk 0:09:51]} 36. Nd7 {[%clk 0:18:22]} Nc4
{[%clk 0:09:01]} 37. Nxf8 {[%clk 0:18:29]} Kxf8 {[%clk 0:09:23]} 38. Nc5
{[%clk 0:18:46]} Ncd6 {[%clk 0:07:42]} 39. Ne6+ {[%clk 0:18:41]} Kf7
{[%clk 0:07:57]} 40. Nxc7 {[%clk 0:49:04]} Nxc7 {[%clk 0:37:44]} 41. b6
{[%clk 0:46:45]} 1-0

[Event "eytcc"]
[Site "?"]
[Date "2017.08.17"]
[Round "1.38"]
[White "Boudry, William"]
[Black "Havelka, Josef"]
[Result "0-1"]
[BlackElo "2338"]
[WhiteElo "1965"]
[LiveChessVersion "1.4.4"]

1. d4 {[%clk 1:30:51]} Nf6 {[%clk 1:30:42]} 2. Bf4 {[%clk 1:30:56]} g6
{[%clk 1:30:14]} 3. Nf3 {[%clk 1:30:52]} Bg7 {[%clk 1:30:28]} 4. e3
{[%clk 1:31:16]} d6 {[%clk 1:30:16]} 5. Be2 {[%clk 1:30:31]} O-O {[%clk 1:29:20]}
6. O-O {[%clk 1:30:51]} Nh5 {[%clk 1:20:40]} 7. Bg5 {[%clk 1:31:10]} h6
{[%clk 1:20:27]} 8. Bh4 {[%clk 1:31:37]} g5 {[%clk 1:18:30]} 9. Nfd2
{[%clk 1:31:51]} gxh4 {[%clk 1:15:43]} 10. Bxh5 {[%clk 1:32:02]} Nd7
{[%clk 1:12:55]} 11. h3 {[%clk 1:26:43]} e5 {[%clk 1:09:33]} 12. c3
{[%clk 1:24:33]} f5 {[%clk 1:06:02]} 13. f4 {[%clk 1:19:47]} Nf6 {[%clk 0:59:33]}
14. Be2 {[%clk 1:02:06]} e4 {[%clk 0:52:51]} 15. c4 {[%clk 0:59:56]} c5
{[%clk 0:48:10]} 16. dxc5 {[%clk 0:57:50]} dxc5 {[%clk 0:48:25]} 17. Nc3
{[%clk 0:57:10]} Be6 {[%clk 0:45:44]} 18. Nb3 {[%clk 0:56:25]} b6
{[%clk 0:39:11]} 19. Qe1 {[%clk 0:52:45]} Ne8 {[%clk 0:37:53]} 20. Rd1
{[%clk 0:51:45]} Qe7 {[%clk 0:37:42]} 21. Qd2 {[%clk 0:51:20]} Qf7
{[%clk 0:34:39]} 22. Nd5 {[%clk 0:47:52]} Nf6 {[%clk 0:33:11]} 23. Qc2
{[%clk 0:42:52]} Rad8 {[%clk 0:29:25]} 24. Nxf6+ {[%clk 0:34:43]} Bxf6
{[%clk 0:29:18]} 25. Nd2 {[%clk 0:32:46]} Qg7 {[%clk 0:26:56]} 26. Nxe4
{[%clk 0:27:13]} fxe4 {[%clk 0:26:31]} 27. Qxe4 {[%clk 0:27:19]} Rde8
{[%clk 0:23:38]} 28. Rd6 {[%clk 0:24:43]} Bxh3 {[%clk 0:21:01]} 29. Qd5+
{[%clk 0:24:30]} Kh8 {[%clk 0:20:51]} 30. Kh1 {[%clk 0:22:14]} Rxe3
{[%clk 0:18:23]} 31. Bd3 {[%clk 0:21:53]} Rxd3 {[%clk 0:18:09]} 0-1

[Event "eytcc"]
[Site "?"]
[Date "2017.08.17"]
[Round "1.39"]
[White "Kozusek, Daniel"]
[Black "De Bock, Thijs"]
[Result "0-1"]
[BlackElo "1951"]
[WhiteElo "2296"]
[LiveChessVersion "1.4.4"]

1. d4 {[%clk 1:29:36]} Nf6 {[%clk 1:30:53]} 2. c4 {[%clk 1:29:19]} g6
{[%clk 1:31:17]} 3. g3 {[%clk 1:29:42]} Bg7 {[%clk 1:31:43]} 4. Bg2
{[%clk 1:29:55]} O-O {[%clk 1:32:06]} 5. Nf3 {[%clk 1:29:14]} d6 {[%clk 1:32:28]}
6. O-O {[%clk 1:29:22]} Nbd7 {[%clk 1:32:50]} 7. Qc2 {[%clk 1:29:07]} e5
{[%clk 1:31:07]} 8. Rd1 {[%clk 1:29:11]} exd4 {[%clk 1:26:30]} 9. Nxd4
{[%clk 1:29:28]} Nc5 {[%clk 1:26:53]} 10. Nc3 {[%clk 1:28:16]} Re8
{[%clk 1:22:59]} 11. e4 {[%clk 1:16:12]} Ne6 {[%clk 1:15:24]} 12. Nde2
{[%clk 1:10:08]} Ng4 {[%clk 1:08:43]} 13. h3 {[%clk 1:05:51]} Ne5
{[%clk 1:08:40]} 14. b3 {[%clk 1:06:06]} c5 {[%clk 1:08:56]} 15. Bb2
{[%clk 0:54:37]} a6 {[%clk 0:54:06]} 16. Nd5 {[%clk 0:51:01]} Nc6
{[%clk 0:54:06]} 17. Bxg7 {[%clk 0:50:26]} Kxg7 {[%clk 0:54:29]} 18. Qb2+
{[%clk 0:49:57]} Ned4 {[%clk 0:54:46]} 19. b4 {[%clk 0:38:53]} Be6
{[%clk 0:51:25]} 20. Nxd4 {[%clk 0:36:43]} Nxd4 {[%clk 0:51:51]} 21. bxc5
{[%clk 0:36:59]} dxc5 {[%clk 0:52:15]} 22. Qxb7 {[%clk 0:36:56]} Rb8
{[%clk 0:47:21]} 23. Qxa6 {[%clk 0:33:15]} Ra8 {[%clk 0:33:46]} 24. Qb7
{[%clk 0:32:17]} Ra4 {[%clk 0:33:34]} 25. Qb2 {[%clk 0:24:35]} Rxc4
{[%clk 0:33:17]} 26. Ne3 {[%clk 0:16:33]} Rb4 {[%clk 0:31:56]} 27. Qc3
{[%clk 0:16:58]} Qb6 {[%clk 0:31:20]} 28. Rd2 {[%clk 0:15:19]} Ra8
{[%clk 0:28:48]} 29. Kh2 Rba4 {[%clk 0:26:26]} 30. f4 {[%clk 0:12:50]} Ra3
{[%clk 0:22:41]} 31. Nc4 {[%clk 0:13:03]} Rxc3 {[%clk 0:22:51]} 32. Nxb6
{[%clk 0:13:26]} Raa3 {[%clk 0:23:02]} 33. Nd5 {[%clk 0:09:58]} Rxg3
{[%clk 0:22:27]} 34. f5 {[%clk 0:08:44]} gxf5 {[%clk 0:20:26]} 35. Nf4
{[%clk 0:08:59]} Kf8 {[%clk 0:18:27]} 36. exf5 {[%clk 0:08:39]} Bxf5
{[%clk 0:18:32]} 37. Rb2 {[%clk 0:06:28]} Rgb3 {[%clk 0:13:54]} 38. Rxb3
{[%clk 0:04:17]} Nxb3 {[%clk 0:14:13]} 39. Re1 {[%clk 0:04:19]} Rxa2
{[%clk 0:14:29]} 40. Re5 {[%clk 0:30:32]} Bg6 {[%clk 0:40:34]} 41. Kg3
{[%clk 0:29:21]} c4 {[%clk 0:40:00]} 42. Rb5 {[%clk 0:27:58]} Ra3
{[%clk 0:38:52]} 43. Nxg6+ {[%clk 0:24:21]} hxg6 {[%clk 0:39:19]} 44. Rb8+
{[%clk 0:24:43]} Kg7 {[%clk 0:39:38]} 45. Rc8 {[%clk 0:24:10]} Nd4+
{[%clk 0:36:40]} 46. Kf4 {[%clk 0:22:53]} c3 {[%clk 0:36:37]} 47. Ke5
{[%clk 0:21:08]} Nf5 {[%clk 0:36:16]} 48. Be4 {[%clk 0:20:07]} Ra5+
{[%clk 0:36:40]} 49. Kf4 {[%clk 0:19:49]} Ra4 {[%clk 0:37:05]} 50. Rc6
{[%clk 0:18:42]} c2 {[%clk 0:36:58]} 51. Ke5 {[%clk 0:16:47]} f6+
{[%clk 0:37:22]} 52. Kf4 {[%clk 0:16:47]} Nd6 {[%clk 0:37:47]} 53. Rc7+
{[%clk 0:17:04]} Kh6 {[%clk 0:38:10]} 54. Rh7+ 0-1

[Event "eytcc"]
[Site "?"]
[Date "2017.08.17"]
[Round "1.40"]
[White "Van Malder, Dries"]
[Black "Zeman, Matyas"]
[Result "1/2-1/2"]
[BlackElo "2168"]
[WhiteElo "1916"]
[LiveChessVersion "1.4.4"]

1. d4 {[%clk 1:30:52]} d5 {[%clk 1:30:50]} 2. c4 {[%clk 1:31:13]} e6
{[%clk 1:31:16]} 3. Nf3 {[%clk 1:31:37]} Nf6 {[%clk 1:31:40]} 4. g3
{[%clk 1:31:55]} Bb4+ {[%clk 1:31:59]} 5. Bd2 {[%clk 1:32:18]} Bd6
{[%clk 1:32:24]} 6. Bg2 {[%clk 1:32:38]} c6 {[%clk 1:32:38]} 7. O-O
{[%clk 1:33:01]} O-O {[%clk 1:32:52]} 8. Nc3 {[%clk 1:31:01]} Nbd7
{[%clk 1:32:44]} 9. b3 {[%clk 1:30:54]} h6 {[%clk 1:28:05]} 10. Qc2
{[%clk 1:25:57]} dxc4 {[%clk 1:23:10]} 11. bxc4 {[%clk 1:26:12]} e5
{[%clk 1:23:28]} 12. Rfd1 {[%clk 1:10:29]} Qc7 {[%clk 1:17:21]} 13. e3
{[%clk 1:01:27]} Re8 {[%clk 1:09:58]} 14. Bc1 {[%clk 0:53:37]} b6
{[%clk 0:57:27]} 15. Bb2 {[%clk 0:49:41]} Bb7 {[%clk 0:53:23]} 16. Qc1
{[%clk 0:43:02]} a6 {[%clk 0:43:53]} 17. Ba3 {[%clk 0:37:45]} c5 {[%clk 0:42:16]}
18. Rb1 {[%clk 0:32:52]} e4 {[%clk 0:37:02]} 19. Nd2 {[%clk 0:29:56]} cxd4
{[%clk 0:37:10]} 20. Bxd6 {[%clk 0:29:00]} Qxd6 {[%clk 0:37:32]} 21. exd4
{[%clk 0:29:25]} Rac8 {[%clk 0:34:37]} 22. Qc2 {[%clk 0:25:07]} b5
{[%clk 0:08:04]} 23. Qb2 {[%clk 0:07:42]} b4 {[%clk 0:03:53]} 24. Qxb4
{[%clk 0:07:04]} Qxb4 {[%clk 0:04:07]} 25. Rxb4 Ba8 {[%clk 0:04:28]} 26. Nf1
{[%clk 0:06:45]} a5 {[%clk 0:04:32]} 27. Ra4 {[%clk 0:05:20]} Nb6
{[%clk 0:04:52]} 28. Rxa5 {[%clk 0:05:45]} Nxc4 {[%clk 0:05:17]} 29. Rc5
{[%clk 0:05:19]} Nb2 {[%clk 0:04:57]} 30. Rd2 {[%clk 0:05:12]} Rxc5
{[%clk 0:01:05]} 31. dxc5 {[%clk 0:05:36]} Nd3 {[%clk 0:01:19]} 32. Nxe4
{[%clk 0:05:19]} Bxe4 {[%clk 0:00:48]} 33. Bxe4 {[%clk 0:05:43]} Nxe4
{[%clk 0:00:49]} 34. Rxd3 {[%clk 0:06:07]} Nxc5 {[%clk 0:01:18]} 35. Re3
{[%clk 0:05:36]} Ra8 {[%clk 0:01:34]} 36. a3 {[%clk 0:06:01]} Ne6
{[%clk 0:01:26]} 37. Nd2 {[%clk 0:06:13]} Kf8 {[%clk 0:01:16]} 38. f4
{[%clk 0:06:21]} Nd4 {[%clk 0:01:39]} 39. Rd3 {[%clk 0:05:28]} Nb5
{[%clk 0:01:20]} 40. Nc4 {[%clk 0:35:10]} Ra4 {[%clk 0:31:37]} 41. Rb3
{[%clk 0:30:40]} Rxc4 {[%clk 0:24:15]} 42. Rxb5 {[%clk 0:31:02]} Rc2
{[%clk 0:24:43]} 43. Rb8+ {[%clk 0:26:05]} Ke7 {[%clk 0:25:07]} 44. a4
{[%clk 0:26:24]} Ra2 {[%clk 0:25:30]} 45. Ra8 {[%clk 0:26:43]} Kf6
{[%clk 0:25:35]} 46. Ra5 {[%clk 0:21:18]} 1/2-1/2

[Event "eytcc"]
[Site "?"]
[Date "2017.08.17"]
[Round "1.41"]
[White "Rudecki, Bartosz"]
[Black "Czopor, Maciej"]
[Result "0-1"]
[BlackElo "2105"]
[WhiteElo "1884"]
[LiveChessVersion "1.4.4"]

1. e4 c5 2. Nf3 d6 3. d4 cxd4 4. Nxd4 Nf6 5. Nc3 Nc6 6. Be2 e6 7. Be3 Be7 8. O-O
O-O 9. f4 a6 10. a4 Qc7 11. Bf3 Re8 12. Qd2 Na5 13. Qf2 Nc4 14. a5 e5 15. Nb3
Nxe3 16. Qxe3 Be6 17. Rfc1 Rad8 18. f5 Bc4 19. Nd5 Bxd5 20. exd5 e4 21. Bxe4 Nxe4
22. Qxe4 Bg5 23. Qg4 Bxc1 24. Rxc1 Qe7 25. Rf1 Qe3+ 26. Rf2 Re4 27. Qf3 Rde8 28.
Qxe3 Rxe3 29. Nd4 Re1+ 30. Rf1 Rxf1+ 31. Kxf1 Re5 32. b4 Rxd5 33. c3 Re5 34. Kf2
Kf8 35. g4 Ke7 36. h3 g6 37. Nf3 gxf5 38. Nxe5 dxe5 39. gxf5 Kf6 40. c4 Kxf5 41.
c5 Ke6 42. b5 axb5 43. c6 Kd6 44. cxb7 Kc7 0-1

[Event "eytcc"]
[Site "?"]
[Date "2017.08.17"]
[Round "1.42"]
[White "Guzik, Kacper"]
[Black "Swider, Pawel"]
[Result "0-1"]
[BlackElo "1918"]
[WhiteElo "1243"]
[LiveChessVersion "1.4.4"]

1. Nf3 Nf6 2. Nc3 d5 3. d4 e6 4. a3 Be7 5. g3 O-O 6. Bg2 b6 7. O-O Bb7 8. Bd2 c5
9. e3 Nc6 10. Ne2 Ne4 11. Re1 Rc8 12. Rc1 Ba6 13. c3 Na5 14. Qc2 Bc4 15. Ne5 Bb3
16. Qd3 c4 17. Nxc4 Bxc4 18. Qc2 Nxd2 19. Qxd2 Nb3 20. Qc2 Nxc1 21. Rxc1 Qd7 22.
Nf4 Qb5 23. b4 a5 24. a4 Qd7 25. b5 Bd6 26. Nh3 Qe7 27. f4 h6 28. Nf2 f5 29. Qd1
Ba3 30. Rb1 Rc7 31. g4 Ba2 32. Ra1 Rxc3 33. Rxa2 Rc1 34. Qxc1 Bxc1 35. Re2 Qa3
36. Nd1 Qd3 37. Re1 Bd2 0-1

[Event "eytcc"]
[Site "?"]
[Date "2017.08.17"]
[Round "1.43"]
[White "Gazda, Dominik"]
[Black "Jaszczuk, Mateusz"]
[Result "1-0"]
[BlackElo "1472"]
[WhiteElo "1438"]
[LiveChessVersion "1.4.4"]

1. e4 {[%clk 1:30:56]} c5 {[%clk 1:30:55]} 2. c3 {[%clk 1:30:54]} Nc6
{[%clk 1:30:57]} 3. d4 {[%clk 1:30:45]} cxd4 {[%clk 1:31:10]} 4. cxd4
{[%clk 1:31:05]} d6 {[%clk 1:30:47]} 5. d5 {[%clk 1:30:37]} Ne5 {[%clk 1:30:53]}
6. f4 {[%clk 1:30:07]} Nd7 {[%clk 1:29:22]} 7. Nc3 {[%clk 1:27:01]} g6
{[%clk 1:29:07]} 8. Qd4 {[%clk 1:22:48]} f6 {[%clk 1:10:48]} 9. Be3
{[%clk 1:15:49]} Bg7 {[%clk 0:59:41]} 10. Rc1 {[%clk 1:13:26]} Nc5
{[%clk 0:52:47]} 11. b4 {[%clk 1:11:43]} e5 {[%clk 0:51:36]} 12. dxe6
{[%clk 1:11:00]} Nxe6 {[%clk 0:51:49]} 13. Bb5+ {[%clk 1:11:12]} Kf8
{[%clk 0:48:43]} 14. Qd2 {[%clk 1:08:36]} Ne7 {[%clk 0:47:30]} 15. Nge2
{[%clk 0:58:30]} f5 {[%clk 0:39:41]} 16. O-O {[%clk 0:56:58]} fxe4
{[%clk 0:35:44]} 17. Nxe4 {[%clk 0:56:33]} d5 {[%clk 0:35:27]} 18. Ng5
{[%clk 0:53:35]} Nf5 {[%clk 0:22:08]} 19. Nxe6+ {[%clk 0:53:31]} Bxe6
{[%clk 0:22:27]} 20. Bc5+ {[%clk 0:53:21]} Kf7 {[%clk 0:20:15]} 21. g4
{[%clk 0:48:03]} Nd6 {[%clk 0:19:39]} 22. f5 {[%clk 0:46:06]} gxf5
{[%clk 0:15:06]} 23. gxf5 {[%clk 0:45:59]} Nxf5 {[%clk 0:06:47]} 24. Ng3
{[%clk 0:46:07]} Rg8 {[%clk 0:06:50]} 25. Bd3 {[%clk 0:45:26]} Be5
{[%clk 0:04:38]} 26. Bxf5 {[%clk 0:45:22]} Bxg3 {[%clk 0:04:20]} 27. Bxe6+
{[%clk 0:45:44]} Kxe6 {[%clk 0:04:40]} 28. Qh6+ {[%clk 0:43:56]} Kd7
{[%clk 0:02:26]} 29. Rf7+ {[%clk 0:43:30]} 1-0

[Event "eytcc"]
[Site "?"]
[Date "2017.08.17"]
[Round "1.44"]
[White "Kosztyla, Mateusz"]
[Black "Winter, Anna"]
[Result "1/2-1/2"]
[BlackElo "1561"]
[WhiteElo "1266"]
[LiveChessVersion "1.4.4"]

1. Nf3 Nf6 2. b3 g6 3. Bb2 Bg7 4. e3 d6 5. d4 O-O 6. Be2 c5 7. c4 Nbd7 8. Nc3 b6
9. O-O Bb7 10. d5 a6 11. Qc2 Ne8 12. Rfd1 Nc7 13. Ne4 h6 14. Bxg7 Kxg7 15. Qb2+
Kh7 16. h4 Ne8 17. h5 Nef6 18. hxg6+ fxg6 19. Qc2 Nxe4 20. Qxe4 Nf6 21. Qh4 Kg7
22. Bd3 Bc8 23. Qg3 Qe8 24. Nh4 g5 25. Bf5 Nh5 26. Qg4 Nf6 27. Qg3 Nh5 28. Qg4
Nf6 29. Qg3 Nh5 30. Qg4 Nf6 1/2-1/2

[Event "eytcc"]
[Site "?"]
[Date "2017.08.18"]
[Round "2.1"]
[White "Kantor, Gergely"]
[Black "Livaic, Leon"]
[Result "1-0"]
[BlackElo "2464"]
[WhiteElo "2479"]
[LiveChessVersion "1.4.4"]

1. d4 {[%clk 1:30:57]} Nf6 {[%clk 1:30:51]} 2. c4 {[%clk 1:30:51]} e6
{[%clk 1:31:14]} 3. g3 {[%clk 1:30:36]} d5 {[%clk 1:31:32]} 4. Bg2
{[%clk 1:30:45]} Bb4+ {[%clk 1:30:48]} 5. Nd2 {[%clk 1:30:46]} O-O
{[%clk 1:30:19]} 6. Ngf3 {[%clk 1:30:50]} b6 {[%clk 1:30:07]} 7. O-O
{[%clk 1:30:09]} Bb7 {[%clk 1:30:22]} 8. b3 {[%clk 1:26:27]} Nbd7
{[%clk 1:29:43]} 9. Bb2 {[%clk 1:26:19]} Re8 {[%clk 1:28:52]} 10. Rc1
{[%clk 1:22:30]} Rc8 {[%clk 1:28:03]} 11. Ne5 {[%clk 1:08:42]} Nxe5
{[%clk 0:41:04]} 12. dxe5 {[%clk 1:09:03]} Nd7 {[%clk 0:25:06]} 13. Qc2
{[%clk 1:03:03]} Bf8 {[%clk 0:24:19]} 14. Rfd1 {[%clk 1:01:05]} c5
{[%clk 0:22:19]} 15. cxd5 {[%clk 0:58:22]} exd5 {[%clk 0:21:55]} 16. Nc4
{[%clk 0:49:47]} b5 {[%clk 0:21:06]} 17. Ne3 {[%clk 0:36:53]} Nb6
{[%clk 0:21:22]} 18. Qd2 {[%clk 0:26:55]} Rc7 {[%clk 0:09:24]} 19. Nxd5
{[%clk 0:24:30]} Rd7 {[%clk 0:09:11]} 20. e4 {[%clk 0:23:47]} Qa8
{[%clk 0:08:24]} 21. Qe2 {[%clk 0:03:47]} Nxd5 {[%clk 0:07:46]} 22. exd5
{[%clk 0:04:08]} a6 {[%clk 0:06:55]} 23. Qe4 {[%clk 0:00:36]} Red8
{[%clk 0:07:00]} 24. e6 {[%clk 0:00:58]} fxe6 {[%clk 0:07:20]} 25. Qxe6+
{[%clk 0:01:14]} Kh8 {[%clk 0:07:44]} 26. Be4 {[%clk 0:00:37]} Re7
{[%clk 0:01:40]} 27. Qf5 {[%clk 0:00:55]} Rxe4 {[%clk 0:02:05]} 28. Qxe4
{[%clk 0:01:23]} Bxd5 {[%clk 0:02:28]} 29. Qg4 {[%clk 0:00:44]} Bh1
{[%clk 0:01:39]} 30. Bxg7+ {[%clk 0:00:50]} Bxg7 {[%clk 0:01:38]} 31. Rxd8+
{[%clk 0:01:15]} 1-0